Overcoming depression / (Record no. 402)

MARC details
000 -LEADER
fixed length control field 00950cam a2200277 a 4500
005 - DATE AND TIME OF LATEST TRANSACTION
control field 20260322212018.0
008 - FIXED-LENGTH DATA ELEMENTS--GENERAL INFORMATION
fixed length control field data
010 ## - LIBRARY OF CONGRESS CONTROL NUMBER
LC control number 96033534
020 ## - INTERNATIONAL STANDARD BOOK NUMBER
International Standard Book Number 0060927828
020 ## - INTERNATIONAL STANDARD BOOK NUMBER
International Standard Book Number 9780060927820
040 ## - CATALOGING SOURCE
Original cataloging agency DLC
Transcribing agency DLC
Modifying agency DLC
050 00 - LIBRARY OF CONGRESS CALL NUMBER
Classification number RC537
Item number .P36 1997
082 00 - DEWEY DECIMAL CLASSIFICATION NUMBER
Classification number 616.85/27
Edition information 20
099 ## - LOCAL FREE-TEXT CALL NUMBER (OCLC)
Classification number 616.85 p198 1997
001 - CONTROL NUMBER
control field data
100 1# - MAIN ENTRY--PERSONAL NAME
Personal name Papolos, Demitri F.
245 10 - TITLE STATEMENT
Title Overcoming depression /
Statement of responsibility, etc. Demitri F. Papolos & Janice Papolos.
250 ## - EDITION STATEMENT
Edition statement 3rd ed., [completely rev. and updated].
260 ## - PUBLICATION, DISTRIBUTION, ETC.
Place of publication, distribution, etc. New York, N.Y. :
Name of publisher, distributor, etc. HaperPerennial,
Date of publication, distribution, etc. c1997.
300 ## - PHYSICAL DESCRIPTION
Extent xvi, 413 p. :
Other physical details ill. ;
Dimensions 21 cm.
504 ## - BIBLIOGRAPHY, ETC. NOTE
Bibliography, etc. note Includes bibliographical references (p. 373-394) and index.
650 #0 - SUBJECT ADDED ENTRY--TOPICAL TERM
Topical term or geographic name entry element Depression, Mental
General subdivision Popular works.
650 #0 - SUBJECT ADDED ENTRY--TOPICAL TERM
Topical term or geographic name entry element Manic-depressive illness
General subdivision Popular works.
700 1# - ADDED ENTRY--PERSONAL NAME
Personal name Papolos, Janice.
856 42 - ELECTRONIC LOCATION AND ACCESS
Materials specified Publisher description
Uniform Resource Identifier <a href="http://www.loc.gov/catdir/description/hc044/96033534.html">http://www.loc.gov/catdir/description/hc044/96033534.html</a>
Holdings
Withdrawn status Lost status Damaged status Not for loan Home library Current library Shelving location Date acquired Total checkouts Full call number Barcode Date last seen Price effective from Koha item type
        Franklin Franklin General stacks 22/03/2026   616.85/27 20 BC0010412 22/03/2026 22/03/2026 Books